000 01286nam a2200253 a 4500
001 000045589
005 20240307073948.0
008 150416s1989 dr a 000 0 spa d
040 _aDO-SdBNP
_bspa
_cBNPHU
082 _axxxx
_bxxxx
100 1 _aMir, Luis E.
_973654
245 1 0 _aTV y comunicaciones vía satélite :
_bconsideraciones acerca de la recepción directa de programas de tv vía satélite en la República Dominicana /
_cLuis E. Mir ; presentación Frankliln Almeyda Rancier.
260 _aSanto Domingo :
_bUniversitaria UASD,
_c1989.
300 _a41 p. :
_bil. ;
_c21 cm.
490 1 _aPublicaciones de la Universidad Autónoma de Santo Domingo
_v629
490 1 _aCiencia y tecnología
_v25
505 0 _aIntroducción --
_tSistema intelsat --
_tSistema intersputnik --
_tSistema de recepción directa desde satélites --
_tCálculo de un enlace para recepción directa de tv en la República Dominicana --
590 _aPerteneció a la biblioteca personal de Erick Landestoy.
504 _aBibliografía : p. 41
700 1 2 _aAlmeyda Rancier, Franklin,
_epres.
_937117
710 1 2 _aUniversidad Autónoma de Santo Domingo
_972951
830 0 _aPublicaciones de la Universidad Autónoma de Santo Domingo ;
_n629
_973656
830 0 _aCiencia y tecnología ;
_n25
_920004
999 _c45078
_d45078